LEADER 01021nam0-22003131i-450 001 990001645420403321 005 20190529131317.0 035 $a000164542 035 $aFED01000164542 035 $a(Aleph)000164542FED01 035 $a000164542 100 $a20030910d1976----km-y0itay50------ba 101 0 $aita 200 1 $aDanni provocati dai trattamenti antiparassitari ai grappoli d' uva studiati con il microscopio elettronico a scansione$fGiuseppe Fogliani 210 $aPiacenza$c...$d1976 215 $a6 p.$d28 cm 300 $aEstr. da: L'Informatore agrario, n.26,1976. 610 0 $aFitopatologia 610 0 $aUva 676 $a581.2 676 $a634.8 700 1$aFogliani,$bGiuseppe$070755 801 0$aIT$bUNINA$gRICA$2UNIMARC 901 $aLG 912 $a990001645420403321 952 $a60 OP. 101/36$b45617$fFAGBC 959 $aFAGBC 996 $aDanni provocati dai trattamenti antiparassitari ai grappoli d' uva studiati con il microscopio elettronico a scansione$9372074 997 $aUNINA LEADER 01179nam0 22002771i 450 001 VAN0052573 005 20220616113744.665 010 $a88-387-2848-8 100 $a20060918d2004 |0itac50 ba 101 $aita 102 $aIT 105 $a|||| ||||| 200 1 $aCondominio e sicurezza$eacqua, gas, elettricitą, ascensori, antincendio, rifiuti, amianto, rumori, edilizia, tecnologia$fGiulio Benedetti 210 $aSantarcangelo di Romagna$cMaggioli$d2004 215 $a510 p.$d24 cm 410 1$1001VAN0052576$12001 $aImmobili & condominio$1210 $aSantarcangelo di Romagna$cMaggioli$d2004-.$v1 500 1$3VAN0247016$aCondominio e sicurezza$91427160 620 $dSantarcangelo di Romagna$3VANL000123 700 1$aBenedetti$bGiulio$3VANV041447$0130088 712 $aMaggioli $3VANV108045$4650 801 $aIT$bSOL$c20240301$gRICA 899 $aBIBLIOTECA DEL DIPARTIMENTO DI INGEGNERIA$1IT-CE0100$2VAN05 912 $aVAN0052573 950 $aBIBLIOTECA DEL DIPARTIMENTO DI INGEGNERIA$d05PREST I 090 $e05 4444 20060918 996 $aCondominio e sicurezza$91427160 997 $aUNICAMPANIA